[Event "WR Chess Masters 2023"]
[Site "Dusseldorf GER"]
[Date "2023.02.16"]
[Round "1"]
[White "Nepomniachtchi,I"]
[Black "Abdusattorov,Nodirbek"]
[Result "1/2-1/2"]
[WhiteElo "2793"]
[BlackElo "2734"]
[EventDate "2023.02.16"]

1. d4 Nf6 2. c4 c5 3. d5 b5 4. cxb5 a6 5. e3 e6 6. Nc3 exd5 7. Nxd5 Be7 8.
Nf3 O-O 9. b3 Nxd5 10. Qxd5 Qb6 11. Bb2 Bb7 12. Qf5 axb5 13. Bd3 g6 14. Qe5
f6 15. Qxe7 Rf7 16. Qe8+ Rf8 17. Qe7 Rf7 18. Qe8+ Rf8 19. Qe7 1/2-1/2

[Event "WR Chess Masters 2023"]
[Site "Dusseldorf GER"]
[Date "2023.02.16"]
[Round "1"]
[White "So,W"]
[Black "Duda,J"]
[Result "1-0"]
[WhiteElo "2766"]
[BlackElo "2729"]
[EventDate "2023.02.16"]

1. Nf3 d5 2. g3 Nf6 3. Bg2 c5 4. O-O Nc6 5. d4 e6 6. c4 dxc4 7. Qa4 Bd7 8.
Qxc4 cxd4 9. Nxd4 Rc8 10. Nc3 Nxd4 11. Qxd4 Bc5 12. Qh4 Bc6 13. Rd1 Qb6 14.
Bxc6+ Rxc6 15. Bh6 Bf8 16. Rd3 Nd5 17. Nxd5 exd5 18. Be3 Qxb2 19. Bd4 Qb4
20. Rb3 Qe7 21. Qxe7+ Kxe7 22. Rxb7+ Ke6 23. Rb8 h5 24. Rab1 h4 25. Kg2 Kf5
26. Kf3 hxg3 27. hxg3 Rc4 28. e3 Rc2 29. R1b5 Kg6 30. Rxd5 Rxa2 31. Rdd8
Rh2 32. Rxf8 Raxf2+ 33. Ke4 f6 34. Rb7 a6 35. Ra8 Ra2 36. Raa7 Rh7 37. Kf3
Ra5 38. Rb6 Rg5 39. Kg2 a5 40. e4 Rg4 41. Kf3 Rg5 42. Be3 Re5 43. Bf4 Rc5
44. e5 Rh8 45. Rba6 Rd8 46. exf6 gxf6 47. Rxa5 Rc3+ 48. Kg4 1-0

[Event "WR Chess Masters 2023"]
[Site "Dusseldorf GER"]
[Date "2023.02.16"]
[Round "1"]
[White "Giri,A"]
[Black "Gukesh,D"]
[Result "1/2-1/2"]
[WhiteElo "2780"]
[BlackElo "2718"]
[EventDate "2023.02.16"]

1. d4 d5 2. c4 e6 3. Nc3 Bb4 4. e3 Nf6 5. a3 Bxc3+ 6. bxc3 c6 7. Bd3 O-O 8.
Ne2 e5 9. dxe5 Ng4 10. cxd5 Nxe5 11. e4 f5 12. O-O Nxd3 13. Qxd3 fxe4 14.
Qxe4 cxd5 15. Qd3 Bf5 16. Qg3 Nc6 17. Be3 Qe8 18. Rad1 Qf7 19. Rd2 Rad8 20.
Rfd1 Rd7 21. Nd4 Bg6 22. Nxc6 bxc6 23. c4 Bh5 24. f3 Re8 25. Bf2 Bg6 26.
cxd5 cxd5 27. h3 h6 28. Rc1 Kh7 29. Bd4 Bf5 30. Kh2 Re6 31. Rc8 Re8 32.
Rxe8 Qxe8 33. Rb2 Qg6 34. Qe5 Bd3 35. a4 Bc4 36. a5 Qf7 37. Rb8 Re7 38. Qg3
Rb7 39. Rc8 a6 40. Qd6 Qe7 41. Qc6 Qf7 42. Qd6 Qe7 43. Qxe7 Rxe7 44. g4 Rf7
45. Kg3 g5 46. Rh8+ Kg6 47. Re8 Kh7 48. Re6 Bb5 49. Be5 Rd7 50. Bd4 Rf7 51.
Re3 Kg6 52. Re5 Bc4 53. Re6+ Kh7 54. Re3 Kg6 55. h4 gxh4+ 56. Kxh4 Rf4 57.
Be5 d4 58. Ra3 Rf7 59. Bxd4 Bd5 60. Kg3 h5 61. Rc3 hxg4 62. fxg4 Rd7 63.
Be3 Kf6 64. Rc1 Ke6 65. Bb6 Rf7 66. Re1+ Kd6 67. Kh4 Be6 68. Kg5 Rf3 69.
Rd1+ Kc6 70. Rc1+ Kd5 71. Rc5+ Kd6 72. Rc2 Kd5 73. Rd2+ Kc6 74. Re2 Kd7 75.
Rd2+ Kc6 76. Rc2+ Kd5 77. Bc7 Rf8 78. Rd2+ Kc4 79. Rd6 Rg8+ 80. Kf6 Bxg4
81. Rxa6 Rc8 82. Ra7 Kb5 1/2-1/2

[Event "WR Chess Masters 2023"]
[Site "Dusseldorf GER"]
[Date "2023.02.16"]
[Round "1"]
[White "Aronian,L"]
[Black "Praggnanandhaa,R"]
[Result "1-0"]
[WhiteElo "2736"]
[BlackElo "2690"]
[EventDate "2023.02.16"]

1. c4 e5 2. g3 c6 3. d4 e4 4. d5 Bb4+ 5. Bd2 Qe7 6. Nh3 Nf6 7. Nc3 cxd5 8.
Nf4 Bxc3 9. Bxc3 dxc4 10. e3 Nc6 11. g4 h6 12. Bxc4 d6 13. Rg1 Bd7 14. Nd5
Nxd5 15. Qxd5 O-O-O 16. Qxf7 Qxf7 17. Bxf7 Ne5 18. Bxe5 dxe5 19. Bd5 Bc6
20. Bxc6 bxc6 21. Rc1 Rd6 22. Ke2 Rhd8 23. Rc2 g5 24. Rgc1 Kb7 25. b3 Rd5
26. Ke1 R8d6 27. Rc4 Rd3 28. R1c2 Rd1+ 29. Ke2 Rh1 30. Rxe4 Rd5 31. Rec4
Rd6 32. Rb4+ Kc7 33. Rb5 Re6 34. Ra5 Rxh2 35. Rxa7+ Kb6 36. Rf7 e4 37. a4
Rh1 38. b4 Ra1 39. a5+ Kb5 40. Rb7+ Ka4 41. Rb6 Rd6 42. Rd2 Rxd2+ 43. Kxd2
c5 44. bxc5 Kxa5 45. Kc3 Ra2 46. Rf6 Ra4 47. Rb6 Ra2 48. Rb2 Rxb2 49. Kxb2
Kb5 50. Kb3 1-0

[Event "WR Chess Masters 2023"]
[Site "Dusseldorf GER"]
[Date "2023.02.16"]
[Round "1"]
[White "Esipenko,Andrey"]
[Black "Keymer,Vincent"]
[Result "1-0"]
[WhiteElo "2675"]
[BlackElo "2690"]
[EventDate "2023.02.16"]

1. d4 Nf6 2. c4 e6 3. Nf3 d5 4. g3 dxc4 5. Bg2 c6 6. O-O b5 7. a4 Bb7 8.
Ne5 a6 9. b3 cxb3 10. Qxb3 Qxd4 11. Bb2 Qb4 12. Qc2 Qc5 13. Qd3 Be7 14. Nd2
Nd5 15. Rfc1 Qb6 16. Nec4 bxc4 17. Nxc4 Nb4 18. Qb1 Qc5 19. Bxg7 Rg8 20.
Qxh7 Rxg7 21. Qxg7 Nd7 22. Qh8+ Bf8 23. a5 Rb8 24. Rab1 Bc8 25. Rb2 Qg5 26.
Rd2 Nd5 27. e4 Qh6 28. Qa1 N5f6 29. Nd6+ Bxd6 30. Rxd6 c5 31. Rb1 Rb4 32.
Rxb4 cxb4 33. Rc6 Kd8 34. Qb2 Ng4 35. h3 Qf6 36. Rc2 Qxb2 37. Rxb2 Nge5 38.
Rxb4 Nc6 39. Ra4 e5 40. f3 Ke7 41. Bf1 Nc5 42. Ra3 Be6 43. h4 Nd4 44. Kf2
Bb3 45. Ra1 Bc2 46. g4 Kf6 47. Kg3 Kg6 48. Re1 Ncb3 49. Bxa6 Nxa5 50. f4
exf4+ 51. Kxf4 Ne6+ 52. Ke3 Nb3 53. Bc4 Nbd4 54. Rf1 Ba4 55. g5 Bb5 56.
Rf6+ Kg7 57. Bxb5 Nxb5 58. h5 Nf8 59. Rc6 Ne6 60. g6 Nbc7 61. gxf7 Kxf7 62.
e5 Nd5+ 63. Ke4 Ne7 64. Rd6 Nc8 65. Rd1 Ne7 66. Rf1+ Kg7 67. h6+ Kg8 68.
Rf6 Ng5+ 69. Kf4 Nh7 70. Rd6 Kf7 71. Kg4 Ke8 72. Kh5 Kf7 73. Ra6 Nf8 74.
Rb6 Nh7 75. Rd6 Nf8 76. Kg5 Nh7+ 77. Kg4 Nf8 78. Ra6 Nh7 79. Kf4 Nf8 80.
Ke4 Ne6 81. Ra7 Ng5+ 82. Kf4 Nh7 83. Ra6 Nf8 84. Kg5 Nh7+ 85. Kh5 Nf8 86.
Rf6+ Kg8 87. Rf1 Nc6 88. Rf5 Nd7 89. e6 Nf8 90. Rc5 Ne7 91. Rc7 Nd5 92.
Rg7+ Kh8 93. e7 Nxe7 94. Rxe7 Kg8 95. Kg5 Nh7+ 96. Kf5 Nf8 97. Rg7+ Kh8 98.
Rf7 Kg8 99. Kf6 Nh7+ 100. Kg6 Nf8+ 101. Rxf8+ 1-0

[Event "WR Chess Masters 2023"]
[Site "Dusseldorf GER"]
[Date "2023.02.17"]
[Round "2"]
[White "Giri,A"]
[Black "So,W"]
[Result "1/2-1/2"]
[WhiteElo "2780"]
[BlackElo "2766"]
[EventDate "2023.02.16"]

1. d4 Nf6 2. c4 e6 3. Nc3 Bb4 4. e3 c5 5. Nge2 d5 6. cxd5 Nxd5 7. a3 Nxc3
8. Nxc3 Ba5 9. dxc5 Bxc3+ 10. bxc3 Qxd1+ 11. Kxd1 Nd7 12. c6 Ne5 13. a4
Nxc6 14. a5 e5 15. e4 Be6 16. Be3 O-O 17. Kc2 Rac8 18. Kb2 Rfd8 19. Be2 f6
20. Rhd1 Rxd1 21. Bxd1 Kf7 22. Be2 Ke7 23. h4 a6 24. Bc5+ Ke8 25. g3 Nd8
26. Bb4 Nc6 27. Bc5 Nd8 28. Bb4 Nc6 29. Bc5 1/2-1/2

[Event "WR Chess Masters 2023"]
[Site "Dusseldorf GER"]
[Date "2023.02.17"]
[Round "2"]
[White "Keymer,Vincent"]
[Black "Aronian,L"]
[Result "1/2-1/2"]
[WhiteElo "2690"]
[BlackElo "2736"]
[EventDate "2023.02.16"]

1. c4 Nf6 2. g3 c5 3. Bg2 Nc6 4. Nc3 e6 5. Bxc6 dxc6 6. f4 Bd6 7. Nf3 Bc7
8. d3 e5 9. fxe5 Ng4 10. Bf4 Qe7 11. Qd2 O-O 12. Rf1 b6 13. e6 Bxe6 14. h3
Nf6 15. Ng5 h6 16. Nxe6 fxe6 17. Bxc7 Qxc7 18. Qe3 Nh5 19. Rg1 Rae8 20.
O-O-O Qd6 21. Qe4 Nf6 22. Qg6 e5 23. g4 Re6 24. Rgf1 e4 25. g5 Nh7 26.
Rxf8+ Nxf8 27. Qf5 exd3 28. Rxd3 Qe7 29. gxh6 Rxh6 30. Rf3 Rf6 1/2-1/2

[Event "WR Chess Masters 2023"]
[Site "Dusseldorf GER"]
[Date "2023.02.17"]
[Round "2"]
[White "Duda,J"]
[Black "Nepomniachtchi,I"]
[Result "1/2-1/2"]
[WhiteElo "2729"]
[BlackElo "2793"]
[EventDate "2023.02.16"]

1. e4 e5 2. Nf3 Nf6 3. Nxe5 d6 4. Nf3 Nxe4 5. d4 d5 6. Bd3 Bd6 7. O-O O-O
8. c4 c6 9. Re1 Bf5 10. Qb3 Qd7 11. Nc3 Nxc3 12. Bxf5 Qxf5 13. bxc3 b6 14.
Nh4 Qd7 15. cxd5 cxd5 16. g3 Be7 17. Rxe7 Qxe7 18. Ba3 Qd7 19. Bxf8 Kxf8
20. Re1 Nc6 21. Qa3+ Kg8 22. Ng2 h6 23. h4 Re8 24. Rxe8+ Qxe8 25. Qd6 Qe6
26. Qc7 b5 27. h5 b4 28. Nf4 Qe8 29. cxb4 Nxd4 30. Kf1 Ne6 31. Qxa7 Nxf4
32. gxf4 Qb5+ 33. Kg2 Qxb4 34. Qa8+ Kh7 35. Qxd5 Qxf4 36. Qd3+ Kg8 37. Qd8+
Kh7 38. Qd3+ Kg8 39. Qd8+ Kh7 1/2-1/2

[Event "WR Chess Masters 2023"]
[Site "Dusseldorf GER"]
[Date "2023.02.17"]
[Round "2"]
[White "Gukesh,D"]
[Black "Praggnanandhaa,R"]
[Result "1-0"]
[WhiteElo "2718"]
[BlackElo "2690"]
[EventDate "2023.02.16"]

1. e4 e5 2. Nf3 Nc6 3. Bc4 Bc5 4. c3 Nf6 5. d3 d6 6. b4 Bb6 7. a4 a5 8. b5
Ne7 9. O-O Ng6 10. Nbd2 O-O 11. Bb3 c6 12. Nc4 Bc7 13. Bg5 d5 14. Bxf6 Qxf6
15. exd5 Bg4 16. Ne3 Bh5 17. dxc6 bxc6 18. bxc6 e4 19. dxe4 Nh4 20. Nd5 Qh6
21. Re1 Bxh2+ 22. Kf1 Ra7 23. Qd3 Bxf3 24. gxf3 Qxc6 25. f4 Qh6 26. f5 Rb7
27. Rab1 Rfb8 28. Bc2 Qg5 29. Rxb7 Rxb7 30. e5 Rb2 31. Ne7+ Qxe7 32. f6 1-0

[Event "WR Chess Masters 2023"]
[Site "Dusseldorf GER"]
[Date "2023.02.18"]
[Round "3"]
[White "Aronian,L"]
[Black "Abdusattorov,Nodirbek"]
[Result "1-0"]
[WhiteElo "2736"]
[BlackElo "2734"]
[EventDate "2023.02.16"]

1. e4 c5 2. Nf3 d6 3. d4 cxd4 4. Nxd4 Nf6 5. Nc3 g6 6. Be3 Bg7 7. f3 O-O 8.
Qd2 Nc6 9. g4 h5 10. g5 Ne8 11. O-O-O Qa5 12. Nb3 Bxc3 13. Nxa5 Bxd2+ 14.
Bxd2 f6 15. Nxc6 bxc6 16. gxf6 Nxf6 17. Bh6 Re8 18. Bc4+ Kh7 19. Bg5 Kg7
20. Rhg1 a5 21. Rg2 Nd7 22. Rdg1 Ba6 23. Bb3 Nf8 24. Bd2 Bc8 25. a4 e5 26.
Bc3 Be6 27. Rd2 Bxb3 28. cxb3 Re6 29. Rgd1 Rd8 30. f4 g5 31. f5 1-0

[Event "WR Chess Masters 2023"]
[Site "Dusseldorf GER"]
[Date "2023.02.18"]
[Round "3"]
[White "Nepomniachtchi,I"]
[Black "Giri,A"]
[Result "1/2-1/2"]
[WhiteElo "2793"]
[BlackElo "2780"]
[EventDate "2023.02.16"]

1. c4 Nf6 2. Nc3 e5 3. Nf3 Nc6 4. a3 d5 5. cxd5 Nxd5 6. Qc2 Nxc3 7. bxc3
Qd6 8. g3 Qg6 9. d3 Be7 10. Bg2 O-O 11. O-O Rb8 12. a4 b6 13. Nd2 Na5 14.
Bb2 Bb7 15. Bxb7 Rxb7 16. c4 Nc6 17. Nf3 Bd6 18. a5 bxa5 19. c5 Bxc5 20.
Bxe5 Bb6 21. Rfc1 Nb4 22. Qc4 c5 23. Bf4 Re8 24. Be3 Rbe7 25. Nd2 Qh5 26.
Re1 Nd5 27. Nf1 h6 28. Rac1 Nf6 29. Qa4 Ng4 30. Rc4 f5 31. Qa2 Qf7 32. Ra4
Qxa2 33. Rxa2 c4 34. dxc4 Nxe3 35. Nxe3 Bxe3 36. fxe3 Rxe3 37. Rxa5 1/2-1/2

[Event "WR Chess Masters 2023"]
[Site "Dusseldorf GER"]
[Date "2023.02.18"]
[Round "3"]
[White "Esipenko,Andrey"]
[Black "Duda,J"]
[Result "1/2-1/2"]
[WhiteElo "2675"]
[BlackElo "2729"]
[EventDate "2023.02.16"]

1. d4 Nf6 2. c4 e6 3. Nf3 d5 4. g3 dxc4 5. Bg2 c5 6. O-O Nc6 7. Qa4 Bd7 8.
dxc5 Bxc5 9. Qxc4 Be7 10. Nc3 O-O 11. e4 Rc8 12. Qe2 Qa5 13. Rd1 Rfd8 14.
Bd2 Qb6 15. Be3 Qa5 16. Nd2 Be8 17. Nb3 Qb4 18. f4 Nd7 19. e5 Nb6 20. Bf2
a5 21. Be1 a4 22. Nd5 Qc4 23. Qxc4 Nxc4 24. Nxe7+ Nxe7 25. Rxd8 Rxd8 26.
Na5 Nxa5 27. Bxa5 Ra8 28. Bb4 Nd5 29. Bd2 Rc8 30. Rc1 Rxc1+ 31. Bxc1 Bc6
32. Bd2 h5 33. Kf2 Kf8 34. h3 Ke8 35. g4 hxg4 36. hxg4 Kd7 37. Bf1 Nc7 38.
Bd3 Bd5 39. a3 Bb3 40. f5 Bd1 41. Kg3 Nd5 42. Kh4 f6 43. exf6 gxf6 44.
fxe6+ 1/2-1/2

[Event "WR Chess Masters 2023"]
[Site "Dusseldorf GER"]
[Date "2023.02.18"]
[Round "3"]
[White "Praggnanandhaa,R"]
[Black "Keymer,Vincent"]
[Result "1-0"]
[WhiteElo "2690"]
[BlackElo "2690"]
[EventDate "2023.02.16"]

1. e4 e5 2. Nf3 Nc6 3. Bb5 a6 4. Ba4 Nf6 5. O-O Be7 6. d3 b5 7. Bb3 d6 8.
Bd2 O-O 9. h3 h6 10. Re1 Rb8 11. a3 Re8 12. Nc3 Bf8 13. Nd5 Nxd5 14. Bxd5
Ne7 15. Bb3 c5 16. a4 Bb7 17. Nh4 Qc7 18. axb5 axb5 19. Qg4 Qc8 20. Qg3 c4
21. dxc4 bxc4 22. Ba4 Bc6 23. Bxh6 Rxb2 24. Bc1 Rb7 25. Bg5 Bxa4 26. Rxa4
Qc6 27. Ra5 Qc7 28. Ra6 Nc6 29. c3 Rb3 30. Nf5 Nd4 31. Bf6 Ne6 32. Rxd6
Rxc3 33. Qxc3 Bxd6 34. Qg3 Bf8 35. Bxe5 Qd7 36. Kh2 Qb7 37. Qg4 Rd8 38. Rc1
Qa7 39. Rc2 Qc5 40. Nh6+ Kh7 41. Nxf7 Re8 42. f4 Kg8 43. Qg6 1-0

[Event "WR Chess Masters 2023"]
[Site "Dusseldorf GER"]
[Date "2023.02.19"]
[Round "4"]
[White "Duda,J"]
[Black "Aronian,L"]
[Result "1/2-1/2"]
[WhiteElo "2729"]
[BlackElo "2736"]
[EventDate "2023.02.16"]

1. d4 Nf6 2. c4 e6 3. Nf3 d5 4. Nc3 Bb4 5. Bg5 dxc4 6. e4 c5 7. e5 cxd4 8.
Nxd4 Bxc3+ 9. bxc3 Qa5 10. exf6 Qxg5 11. fxg7 Qxg7 12. Qd2 O-O 13. Bxc4 Rd8
14. Qe3 Bd7 15. O-O-O Nc6 16. Bb3 Rac8 17. Kb2 a5 18. h4 Kh8 19. h5 Qe5 20.
Qf3 Nxd4 21. cxd4 Qg5 22. Qxf7 a4 23. Bxe6 Bxe6 24. Qxe6 Re8 25. Qd6 Re2+
26. Ka1 Rcc2 27. Qf8+ Qg8 28. Qf6+ Qg7 29. Qd8+ Qg8 30. Qf6+ Qg7 31. Qd8+
1/2-1/2

[Event "WR Chess Masters 2023"]
[Site "Dusseldorf GER"]
[Date "2023.02.19"]
[Round "4"]
[White "So,W"]
[Black "Nepomniachtchi,I"]
[Result "1/2-1/2"]
[WhiteElo "2766"]
[BlackElo "2793"]
[EventDate "2023.02.16"]

1. d4 Nf6 2. c4 e6 3. Nf3 d5 4. g3 Bb4+ 5. Bd2 Be7 6. Bg2 O-O 7. O-O c6 8.
Qc2 Nbd7 9. Bf4 b6 10. Rd1 Ba6 11. Ne5 Nxe5 12. dxe5 Nd7 13. cxd5 cxd5 14.
e4 Rc8 15. Nc3 d4 16. Rxd4 Qc7 17. Rad1 Rfd8 18. h4 h6 19. h5 Bc5 20. R4d2
Bf8 21. Rd4 Bc5 22. R4d2 Bf8 23. a4 Nb8 24. Rxd8 Rxd8 25. Rxd8 Qxd8 26. Nb5
Bxb5 27. axb5 Bc5 28. Qd2 Qxd2 29. Bxd2 Bd4 30. Bc3 Bxc3 31. bxc3 Nd7 32.
f4 Nc5 33. Kf2 Na4 34. c4 Nc5 35. Ke3 Nd7 36. Bf1 Kf8 37. Bd3 Ke7 38. Bc2
Kf8 39. Kd4 Ke7 40. Ke3 Kf8 41. Kf3 Ke7 42. Ke3 1/2-1/2

[Event "WR Chess Masters 2023"]
[Site "Dusseldorf GER"]
[Date "2023.02.19"]
[Round "4"]
[White "Gukesh,D"]
[Black "Keymer,Vincent"]
[Result "1/2-1/2"]
[WhiteElo "2718"]
[BlackElo "2690"]
[EventDate "2023.02.16"]

1. e4 c5 2. Nf3 d6 3. d4 cxd4 4. Nxd4 Nf6 5. Nc3 a6 6. h3 e5 7. Nb3 Be6 8.
Be3 Nbd7 9. g4 h6 10. Qd3 Nc5 11. Nxc5 dxc5 12. Qe2 Be7 13. Bg2 O-O 14. O-O
Qb6 15. Nd5 Nxd5 16. exd5 Bd7 17. b4 Qxb4 18. d6 Bg5 19. Bxg5 Bb5 20. c3
Qa4 21. Qxe5 Bxf1 22. Bxh6 gxh6 23. Rxf1 Rae8 24. Qxc5 Re6 25. Bd5 Rg6 26.
Rb1 h5 27. d7 Qxd7 28. Be4 hxg4 29. Bxg6 fxg6 30. Qc4+ Qf7 31. Qxf7+ Rxf7
32. hxg4 b5 33. Kg2 Rc7 34. Rd1 Rxc3 35. Rd6 Kf7 36. Rxa6 b4 37. g5 b3 38.
axb3 Rxb3 39. Rf6+ Kg7 40. f3 1/2-1/2

[Event "WR Chess Masters 2023"]
[Site "Dusseldorf GER"]
[Date "2023.02.19"]
[Round "4"]
[White "Abdusattorov,Nodirbek"]
[Black "Praggnanandhaa,R"]
[Result "1/2-1/2"]
[WhiteElo "2734"]
[BlackElo "2690"]
[EventDate "2023.02.16"]

1. e4 c5 2. Nf3 Nc6 3. c3 d5 4. exd5 Qxd5 5. d4 Nf6 6. Be2 e6 7. O-O cxd4
8. cxd4 Be7 9. Nc3 Qd6 10. Nb5 Qd8 11. Bf4 Nd5 12. Bg3 O-O 13. Rc1 Bd7 14.
Nd6 Bxd6 15. Bxd6 Nce7 16. Ba3 Re8 17. Ne5 Ng6 18. Qd2 Ngf4 19. Bf3 Bb5 20.
Rfd1 Qf6 21. Bd6 Rad8 22. Ng4 Qf5 23. Bxf4 Qxf4 24. Ne3 Bc6 25. Nxd5 Qxd2
26. Rxd2 Bxd5 27. Rc7 Kf8 28. Bxd5 exd5 29. g4 Re7 30. Rdc2 Ke8 31. Kg2
Rxc7 32. Rxc7 Rd7 33. Rc8+ Rd8 34. Rc3 Rd6 35. h4 Kd7 36. Ra3 Rb6 37. Rxa7
Rxb2 38. Kf3 Ke6 39. Ra8 h6 40. Ke3 Rc2 41. Re8+ Kd6 42. h5 Rc3+ 43. Kf4
Rd3 44. Rg8 Rxd4+ 45. Kf5 Rd2 46. f4 d4 47. Rxg7 Ke7 48. Ke4 Rxa2 49. Rg8
Rd2 50. Rb8 Kf6 51. Rxb7 Re2+ 52. Kxd4 Rg2 53. Rb6+ Kg7 54. g5 hxg5 55. h6+
Kh7 56. fxg5 Rxg5 57. Rf6 Rg6 58. Rxf7+ Kxh6 1/2-1/2

[Event "WR Chess Masters 2023"]
[Site "Dusseldorf GER"]
[Date "2023.02.19"]
[Round "4"]
[White "Giri,A"]
[Black "Esipenko,Andrey"]
[Result "1/2-1/2"]
[WhiteElo "2780"]
[BlackElo "2675"]
[EventDate "2023.02.16"]

1. d4 Nf6 2. Bf4 d5 3. e3 c5 4. dxc5 e6 5. b4 a5 6. c3 Nc6 7. Bb5 Bd7 8.
Qb3 Nh5 9. Ne2 Nxf4 10. Nxf4 g6 11. a4 Bg7 12. Ra2 O-O 13. O-O Ne5 14. Bxd7
Qxd7 15. Rd1 Qc6 16. Nd3 Nxd3 17. Rxd3 Rfc8 18. Nd2 axb4 19. cxb4 b6 20.
cxb6 Qxb6 21. b5 Rc1+ 22. Nf1 Qa5 23. Rd1 Rc3 24. Qb1 Rc4 25. Rd3 Rb8 26.
Rb3 Rxa4 27. Rxa4 Qxa4 28. g3 Rb6 29. h4 h5 30. Kg2 Bf6 31. Nd2 Kg7 32. Qd3
Bxh4 33. gxh4 1/2-1/2

[Event "WR Chess Masters 2023"]
[Site "Dusseldorf GER"]
[Date "2023.02.21"]
[Round "5"]
[White "Nepomniachtchi,I"]
[Black "Gukesh,D"]
[Result "1/2-1/2"]
[WhiteElo "2793"]
[BlackElo "2718"]
[EventDate "2023.02.16"]

1. d4 d5 2. c4 dxc4 3. Nf3 Nf6 4. e3 e6 5. Bxc4 a6 6. O-O Be7 7. Qe2 b5 8.
Bd3 Nbd7 9. a4 Bb7 10. Nbd2 O-O 11. b3 c5 12. Bb2 cxd4 13. Bxd4 bxa4 14.
bxa4 a5 15. Bb5 Bb4 16. Nc4 Qe7 17. Ne1 Nc5 18. Rd1 Nd5 19. Qb2 Rfc8 20.
Bxc5 Rxc5 21. Nd3 Rc7 22. Rc1 Qf6 23. Nxb4 axb4 24. Qxf6 gxf6 25. Rb1 Ba6
26. Nd2 Bxb5 27. axb5 Ra4 28. Nb3 Nc3 29. b6 Rc6 30. b7 Rb6 31. Rb2 Ra7 32.
Nc5 Ra5 33. Nd3 Rab5 34. Rc1 Rxb7 35. Kf1 Nd5 36. e4 Nc3 37. f3 Rd7 38.
Nxb4 Na4 39. Rb3 Rdb7 40. Rc8+ Kg7 41. f4 Rxb4 42. Rg3+ Kh6 43. Rh3+ Kg7
44. Rg3+ Kh6 45. Rh3+ Kg7 1/2-1/2

[Event "WR Chess Masters 2023"]
[Site "Dusseldorf GER"]
[Date "2023.02.21"]
[Round "5"]
[White "Esipenko,Andrey"]
[Black "So,W"]
[Result "1/2-1/2"]
[WhiteElo "2675"]
[BlackElo "2766"]
[EventDate "2023.02.16"]

1. d4 Nf6 2. c4 e6 3. Nc3 Bb4 4. e3 O-O 5. Bd3 d5 6. a3 Bxc3+ 7. bxc3 dxc4
8. Bxc4 c5 9. Nf3 Qc7 10. Be2 b6 11. Bb2 Bb7 12. O-O Nc6 13. c4 Rfd8 14.
Rc1 Na5 15. Nd2 Rac8 16. Re1 h6 17. Bd3 Qe7 18. Qe2 Nc6 19. Nf3 Na5 20. Nd2
Nc6 21. Nf3 Na5 22. Nd2 1/2-1/2

[Event "WR Chess Masters 2023"]
[Site "Dusseldorf GER"]
[Date "2023.02.21"]
[Round "5"]
[White "Keymer,Vincent"]
[Black "Abdusattorov,Nodirbek"]
[Result "1-0"]
[WhiteElo "2690"]
[BlackElo "2734"]
[EventDate "2023.02.16"]

1. d4 Nf6 2. c4 e6 3. Nc3 Bb4 4. e3 O-O 5. Bd3 d5 6. cxd5 exd5 7. Nge2 Re8
8. O-O Nbd7 9. Qb3 Bd6 10. Nxd5 Nxd5 11. Qxd5 Nc5 12. Bxh7+ Kxh7 13. Qh5+
Kg8 14. dxc5 Re5 15. Qf3 Rxc5 16. Ng3 Bd7 17. e4 Qh4 18. Bd2 Rb5 19. Bc3
Re8 20. Rae1 Rg5 21. e5 Bc6 22. Qd3 Bc5 23. b4 Bb6 24. b5 Re6 25. Ne4 Rxg2+
26. Kxg2 Rg6+ 27. Kh1 Rh6 28. h3 Bxb5 29. Qf3 Bd7 30. e6 Bxe6 31. Rg1 Qxh3+
32. Qxh3 Rxh3+ 33. Kg2 Rh5 34. Kf3 Rf5+ 35. Ke2 g6 36. Rh1 Kf8 37. Bf6 Ke8
38. Rh8+ Kd7 39. Rd8+ Kc6 40. Bd4 Bxd4 41. Rxd4 b6 42. a3 Kb7 43. Rc1 Rh5
44. Ke3 a5 45. f3 Rb5 46. Rc3 Rh5 47. Rd1 a4 48. Rd4 Ra5 49. Rb4 Re5 50.
Kf2 c6 51. Nc5+ Kc7 52. Nxe6+ 1-0

[Event "WR Chess Masters 2023"]
[Site "Dusseldorf GER"]
[Date "2023.02.21"]
[Round "5"]
[White "Praggnanandhaa,R"]
[Black "Duda,J"]
[Result "1/2-1/2"]
[WhiteElo "2690"]
[BlackElo "2729"]
[EventDate "2023.02.16"]

1. e4 e5 2. Nf3 Nf6 3. Nxe5 d6 4. Nf3 Nxe4 5. d4 d5 6. Bd3 Bf5 7. O-O Be7
8. Nc3 O-O 9. Ne5 Nxc3 10. bxc3 Bxd3 11. cxd3 Nd7 12. Qb3 Nxe5 13. dxe5 Qd7
14. d4 b6 15. f4 f5 16. a4 Qe6 17. Ba3 Bxa3 18. Rxa3 c6 19. Ra2 Rfd8 20. h3
Rd7 21. Rb1 Rad8 22. Qd1 Kf8 23. Kh2 Ke8 24. Rc2 Rc8 25. Rbc1 g6 26. Qf3
Kd8 27. c4 dxc4 28. Rxc4 Rd5 29. g4 Rc7 30. gxf5 gxf5 31. Qc3 Qh6 32. Qf3
Qe6 33. Qc3 Qh6 34. Qf3 1/2-1/2

[Event "WR Chess Masters 2023"]
[Site "Dusseldorf GER"]
[Date "2023.02.22"]
[Round "6"]
[White "So,W"]
[Black "Aronian,L"]
[Result "1/2-1/2"]
[WhiteElo "2766"]
[BlackElo "2736"]
[EventDate "2023.02.16"]

1. d4 Nf6 2. c4 e6 3. Nc3 Bb4 4. e3 O-O 5. Bd3 c5 6. Nge2 Nc6 7. O-O d5 8.
cxd5 exd5 9. a3 c4 10. Bxh7+ Nxh7 11. axb4 Nxb4 12. b3 a5 13. bxc4 dxc4 14.
Rb1 Ra6 15. e4 Re8 16. d5 Bd7 17. Qd2 b5 18. Ba3 Nf6 19. Ng3 Ng4 20. Bxb4
axb4 21. Rxb4 Nxh2 22. Kxh2 Qh4+ 23. Kg1 Rh6 24. Rfb1 Bg4 25. Qxh6 Qxh6 26.
Nxb5 Rc8 27. R4b2 Rb8 28. Nf1 Rb6 29. Ne3 Qh5 30. d6 Bd7 31. Nd5 Rxb5 32.
Rxb5 Bxb5 33. Rxb5 Qd1+ 34. Kh2 Qh5+ 35. Kg1 1/2-1/2

[Event "WR Chess Masters 2023"]
[Site "Dusseldorf GER"]
[Date "2023.02.22"]
[Round "6"]
[White "Gukesh,D"]
[Black "Abdusattorov,Nodirbek"]
[Result "1/2-1/2"]
[WhiteElo "2718"]
[BlackElo "2734"]
[EventDate "2023.02.16"]

1. c4 e5 2. g3 c6 3. d4 exd4 4. Qxd4 Nf6 5. Nf3 Na6 6. Bg2 Bc5 7. Qd1 d5 8.
cxd5 Qxd5 9. O-O Qxd1 10. Rxd1 Ke7 11. Nc3 Be6 12. Nd4 Rad8 13. Be3 Ng4 14.
Nxe6 Rxd1+ 15. Nxd1 fxe6 16. Bg5+ Nf6 17. Nc3 Rd8 18. Rd1 Bd4 19. e3 Bxc3
20. Rxd8 Kxd8 21. bxc3 Nc5 22. Kf1 e5 23. f4 Kd7 24. Bxf6 gxf6 25. Bh3+ Kd6
26. Bf5 h6 27. Ke2 a5 28. h4 b5 29. g4 b4 30. cxb4 axb4 31. g5 fxg5 32.
fxg5 hxg5 33. hxg5 e4 34. Kd2 Ke5 35. Bc8 Na4 36. Bd7 Nc5 37. Bc8 Na4 38.
Bd7 Nc5 39. Bxc6 Kf5 40. Kc2 Kxg5 41. Bxe4 Nxe4 42. Kb3 Kf5 1/2-1/2

[Event "WR Chess Masters 2023"]
[Site "Dusseldorf GER"]
[Date "2023.02.22"]
[Round "6"]
[White "Giri,A"]
[Black "Praggnanandhaa,R"]
[Result "1/2-1/2"]
[WhiteElo "2780"]
[BlackElo "2690"]
[EventDate "2023.02.16"]

1. c4 e5 2. Nc3 Bb4 3. d3 Nf6 4. Nf3 d6 5. Bd2 O-O 6. a3 Bxc3 7. Bxc3 e4 8.
dxe4 Nxe4 9. Rc1 Re8 10. e3 Nc6 11. Be2 Bg4 12. O-O a5 13. b3 Nxc3 14. Rxc3
Qf6 15. Qd2 Qg6 16. Nh4 Qh5 17. Bxg4 Qxg4 18. Nf3 Ne5 19. Nd4 a4 20. f3 Qd7
21. b4 c5 22. Nc2 Rac8 23. Rb1 Qe6 24. Qe2 b6 25. e4 f5 26. bxc5 bxc5 27.
exf5 Qxf5 28. Rd1 Rb8 29. Ne3 Qg6 30. Nd5 Nc6 31. Re3 Nd4 32. Qf2 Rxe3 33.
Qxe3 Qc2 34. Re1 Qxc4 35. Qe4 Qc2 36. Qe7 Qd2 37. Qe4 Qc2 38. Qe7 Qd2 39.
Qe4 Rf8 40. Nb6 h6 41. Nd7 Rf7 42. Kf1 Rxd7 43. Qe8+ Kh7 44. Qxd7 Qd3+ 45.
Kf2 c4 46. Qxa4 c3 47. Qd1 Qc4 48. Ke3 Nf5+ 49. Kf2 d5 50. Qc2 g6 51. Kg1
h5 52. a4 Qc5+ 53. Kh1 d4 54. Qd3 h4 55. g4 hxg3 56. hxg3 Nxg3+ 57. Kg2 Nf5
58. Kf2 Qc7 59. Ke2 Qh2+ 60. Kd1 Qa2 61. Qc2 Qa1+ 62. Ke2 Qa3 63. Kd3 Kg7
64. Re5 Qd6 65. f4 Qa6+ 66. Rb5 Nd6 67. Kxd4 Nxb5+ 68. axb5 Qxb5 69. Qxc3
1/2-1/2